ARRUPE JESUIT UNIVERSITY

CORONAVIRUS -STOP THE SPREAD - CLEAN,DISINFECT,COVER

King of the castle : (Record no. 119954)

MARC details
000 -LEADER
fixed length control field 00888cam a2200277 i 4500
001 - CONTROL NUMBER
control field 4634275
003 - CONTROL NUMBER IDENTIFIER
control field ARRUPE
005 - DATE AND TIME OF LATEST TRANSACTION
control field 20140205141102.0
008 - FIXED-LENGTH DATA ELEMENTS--GENERAL INFORMATION
fixed length control field 780705s1977 enk b 000 0 eng
010 ## - LIBRARY OF CONGRESS CONTROL NUMBER
LC control number 78314992
015 ## - NATIONAL BIBLIOGRAPHY NUMBER
National bibliography number GB78-04725
020 ## - INTERNATIONAL STANDARD BOOK NUMBER
International Standard Book Number 0370300629
040 ## - CATALOGING SOURCE
Original cataloging agency DLC
Transcribing agency DLC
Modifying agency DLC
050 00 - LIBRARY OF CONGRESS CALL NUMBER
Classification number BL51
Item number .E29
082 00 - DEWEY DECIMAL CLASSIFICATION NUMBER
Classification number 200/.1
300 ## - PHYSICAL DESCRIPTION
Dimensions 23 cm.
100 1# - MAIN ENTRY--PERSONAL NAME
Personal name Eaton, Gai,
Dates associated with a name 1921-2010.
9 (RLIN) 8012
245 10 - TITLE STATEMENT
Title King of the castle :
Remainder of title choice and responsibility in the modern world /
Statement of responsibility, etc [by] Gai Eaton.
260 ## - PUBLICATION, DISTRIBUTION, ETC. (IMPRINT)
Place of publication, distribution, etc London :
Name of publisher, distributor, etc Bodley Head [for] the Imperial Iranian Academy of Philosophy,
Date of publication, distribution, etc 1977.
300 ## - PHYSICAL DESCRIPTION
Extent 219 p. ;
504 ## - BIBLIOGRAPHY, ETC. NOTE
Bibliography, etc Bibliography: p. 217-[219]
650 #0 - SUBJECT ADDED ENTRY--TOPICAL TERM
Topical term or geographic name as entry element Religion
General subdivision Philosophy.
9 (RLIN) 8013
650 #0 - SUBJECT ADDED ENTRY--TOPICAL TERM
Topical term or geographic name as entry element Civilization
General subdivision Philosophy.
9 (RLIN) 8014
650 #0 - SUBJECT ADDED ENTRY--TOPICAL TERM
Topical term or geographic name as entry element Philosophy and religion.
9 (RLIN) 8015
906 ## - LOCAL DATA ELEMENT F, LDF (RLIN)
a 7
b cbc
c orignew
d 3
e ncip
f 19
g y-gencatlg
942 ## - ADDED ENTRY ELEMENTS (KOHA)
Source of classification or shelving scheme Library of Congress Classification
Koha item type Monograph ( Printed materials)
Holdings
Withdrawn status Lost status Source of classification or shelving scheme Damaged status Not for loan Collection code Home library Current library Shelving location Date acquired Total Checkouts Full call number Barcode Date last seen Price effective from Koha item type
    Library of Congress Classification     Main Collection ARRUPE LIBRARY ARRUPE LIBRARY Main Collection 05/02/2014   BL51 .E29 1990 46411932 26/10/2016 05/02/2014 Monograph ( Printed materials)

 

Arrupe Library. PO Box MP320 Mt Pleasant, Harare, Zimbabwe
263 242 745411|librarian@aju.ac.zw